00450nam a2200169Ia 450000500170000000800410001704000190005804100120007708200130008910000180010224500380012026000390015830000270019750400190022465000270024385000100027020230118135538.0131103s9999 xx 000 0 und d aLoreto College aEnglish a954bTHA aThapar,Romila 2aA history of IndiacRomila Thapar aHarmondsworthbPenguin Booksc1966 a381 p. (Vol I)b a map aIncludes index aAncient Indian History aLCLIB